|
|
|
|
| LEADER |
00000nam a22000007a 4500 |
| 005 |
20140415123025.0 |
| 007 |
cr|||| |||| |
| 008 |
140415s2011 ar |||||s|||| 00||0 spa d |
| 035 |
|
|
|a 11870
|
| 040 |
|
|
|a vLex
|
| 090 |
|
|
|c 4782
|d 4782
|
| 100 |
1 |
|
|a Cornaglia, Carlos A.
|
| 245 |
1 |
0 |
|a Abuso sexual de menores. Criminal plaga
|h [Recurso electrn̤ico] /
|c Carlos A. Cornaglia
|
| 256 |
|
|
|a Servicio en ln̕ea
|
| 260 |
|
|
|a Cr̤doba:
|b Alveroni Ediciones,
|c 2011
|
| 300 |
|
|
|a 1 recurso electrn̤ico
|
| 506 |
1 |
|
|a Disponible solo en los productos indicados
|d vLex Global
|d vLex Global (Academic Edition, excluding Law Schools)
|d vLex Global (U.S. Academic Edition, Law Schools)
|d vLex Global (U.S. Academic Edition, excluding Law Schools)
|d vLex Global (Academic Edition, Law Schools)
|
| 650 |
0 |
4 |
|a Derecho Penal
|z Argentina
|
| 740 |
0 |
|
|a vLex Libros (Servicio en ln̕ea)
|
| 856 |
4 |
0 |
|u http://vlex.com/source/abuso-sexual-menores-criminal-plaga-11870
|z Acceso restringido
|
| 942 |
|
|
|c BOOK
|
| 999 |
0 |
|
|a Criminal Law
|